| 000 | 00382nam a22001457a 4500 | ||
|---|---|---|---|
| 999 |
_c1638 _d1638 |
||
| 008 | 200128b ||||| |||| 00| 0 eng d | ||
| 082 | 0 | 0 |
_a515 _bA645 |
| 100 |
_91270 _aApostol, Tom M. |
||
| 245 | 1 | 0 |
_aMathematical analysis / _cby Tom M. Apostol |
| 250 | _a2nd ed. | ||
| 260 |
_aNew Delhi: _bNarosa Publishing, _c1997. |
||
| 300 | _axix, 500 p. | ||
| 650 | 0 | _aMathematics | |
| 942 | _cBK | ||